| 000 | 01552nam a2200361 a 4500 | ||
|---|---|---|---|
| 001 | ebr10522399 | ||
| 003 | CaPaEBR | ||
| 006 | m u | ||
| 007 | cr cn||||||||| | ||
| 008 | 100923s2012 enkab sb 001 0 eng d | ||
| 010 | _z 2011026567 | ||
| 020 | _z9789970250141 | ||
| 020 | _z9781409426745 (hbk.) | ||
| 020 | _z9781409426752 (e-book) | ||
| 040 |
_aCaPaEBR _cCaPaEBR |
||
| 035 | _a(OCoLC)772521088 | ||
| 043 | _afe----- | ||
| 050 | 1 | 4 |
_aBV3777.A42 _bE28 2012eb |
| 245 | 0 | 4 |
_aThe East African revival _h[electronic resource] : _bhistory and legacies / _cedited by Kevin Ward, Emma Wild-Wood. |
| 260 |
_aSurrey, England : _bAshgate, _c2012. |
||
| 300 |
_axiii, 235 p. : _bill., maps. |
||
| 504 | _aIncludes bibliographical references (p. 289-300) and index. | ||
| 505 | 0 | _apt. 1. Historical overview -- pt. 2. Testimony and personal perspectives -- pt. 3. Historical and cultural perspectives -- pt. 4. Socio-theological perspectives -- pt. 5. Sources and scholarship. | |
| 533 |
_aElectronic reproduction. _bPalo Alto, Calif. : _cebrary, _d2012. _nAvailable via World Wide Web. _nAccess may be limited to ebrary affiliated libraries. |
||
| 650 | 0 | _aEast Africa Revival. | |
| 650 | 0 |
_aRevivals _zAfrica, East. |
|
| 651 | 0 |
_aAfrica, East _xChurch history. |
|
| 655 | 7 |
_aElectronic books. _2local |
|
| 700 | 1 |
_aWard, Kevin, _d1947- |
|
| 700 | 1 | _aWild-Wood, Emma. | |
| 710 | 2 | _aebrary, Inc. | |
| 856 | 4 | 0 |
_uhttp://site.ebrary.com/lib/rucke/Doc?id=10522399 _zAn electronic book accessible through the World Wide Web; click to view |
| 999 |
_c237918 _d237918 |
||